Územný vývoj Poľska

Základný prehľad o základných míľnikoch vo vývoji územia Poľska. Geografický priestor. Vývoj Poľska v stredoveku, Poľsko-litovský štát, delenie Poľska. Poľsko pod cudzou nadvládou. Poľsko v 20. storočí.

Salvato in:
Dettagli Bibliografici
Autore principale: Gurňák, Daniel
Natura: Capitolo di libro
Lingua:slovacco
Soggetti:
Tags: Aggiungi Tag
Nessun Tag, puoi essere il primo ad aggiungerne!!

MARC

LEADER 00000naa$a2200000$$$4500
001 0070414
005 20231127084750.2
041 0 |a slo 
044 |a SK 
245 1 0 |a Územný vývoj Poľska  |c Daniel Gurňák 
520 |a Základný prehľad o základných míľnikoch vo vývoji územia Poľska. Geografický priestor. Vývoj Poľska v stredoveku, Poľsko-litovský štát, delenie Poľska. Poľsko pod cudzou nadvládou. Poľsko v 20. storočí. 
610 2 0 |a Poľsko 
610 2 0 |a geografia 
610 2 0 |a vývoj 
610 2 0 |a geopolitika 
610 2 0 |a vývoj politický 
610 2 0 |a štát 
610 2 0 |a história 
100 1 |a Gurňák, Daniel